Vi phạm hành chính và xử phạt vi phạm hành chính trong lĩnh vực môi trường ở tỉnh Hậu Giang : Luận văn thạc sỹ chuyên ngành quản lý môi trường
Đề tài xác định phạm vi, đối tượng và đánh giá tính đáp ứng của hệ thống các văn bản pháp luật về xử phạt VPHC trong lĩnh vực bảo vệ môi trường Việt Nam; khảo sát việc triển khai, thực thi pháp luật xử phạt VPHC trong lĩnh vực bảo vệ...
Guardat en:
| Autor principal: | |
|---|---|
| Format: | Llibre |
| Idioma: | Undetermined |
| Publicat: |
Cần Thơ
Trường Đại học Cần Thơ
2011
|
| Matèries: | |
| Etiquetes: |
Afegir etiqueta
Sense etiquetes, Sigues el primer a etiquetar aquest registre!
|
| Thư viện lưu trữ: | Trung tâm Học liệu Trường Đại học Cần Thơ |
|---|
| LEADER | 01625nam a2200217Ia 4500 | ||
|---|---|---|---|
| 001 | CTU_173707 | ||
| 008 | 210402s9999 xx 000 0 und d | ||
| 082 | |a 363.7 | ||
| 082 | |b O.107 | ||
| 088 | |a 60850101 | ||
| 100 | |a Nguyễn, Trâm Oanh | ||
| 245 | 0 | |a Vi phạm hành chính và xử phạt vi phạm hành chính trong lĩnh vực môi trường ở tỉnh Hậu Giang : | |
| 245 | 0 | |b Luận văn thạc sỹ chuyên ngành quản lý môi trường | |
| 245 | 0 | |c Nguyễn Trâm Oanh ; Phan Trung Hiền ( Cán bộ hướng dẫn) | |
| 260 | |a Cần Thơ | ||
| 260 | |b Trường Đại học Cần Thơ | ||
| 260 | |c 2011 | ||
| 520 | |a Đề tài xác định phạm vi, đối tượng và đánh giá tính đáp ứng của hệ thống các văn bản pháp luật về xử phạt VPHC trong lĩnh vực bảo vệ môi trường Việt Nam; khảo sát việc triển khai, thực thi pháp luật xử phạt VPHC trong lĩnh vực bảo vệ môi trường của Sở Tài nguyên và Môi trường tỉnh Hậu Giang từ 2004-2010; Trên cơ sở đó tìm ra những điểm bất cập, đề xuất giải pháp góp phần hoàn thiện hệ thống văn bản quy phạm pháp luật về xử phạt VPHC trong lĩnh vực bảo vệ môi trường. | ||
| 650 | |a Environmental protection,Bảo vệ môi trường | ||
| 904 | |i Thúy phượng,Hải | ||
| 980 | |a Trung tâm Học liệu Trường Đại học Cần Thơ | ||